000 01093nam a2200265 a 4500
001 BRCA_1156
005 20190320203315.0
008 920706s1990 mx-a---##b---#000-0#spa-#
020 _a9686084274
040 _aDLC
_cDLC
_dDLC
050 4 _aNB259.X8
_b.T68 1990
100 1 _aTovar de Teresa, Guillermo
_d1956-
_9559
245 1 0 _aLos escultores mestizos del barroco novohispano
_bTomás Xuárez y Salvador de Ocampo, 1673-1724
_cGuillermo Tovar de Teresa ; texto introductorio, Julián Meza ; textos sobre la sillería de San Agustín, Abundio Tomás Parra.
260 _aMéxico
_bBanca Serfin
_c1990
300 _a175 p.
_bil. a color
_c32 cm.
500 _aIncluye glosario
504 _aBibliografía: p. 171-175
600 1 4 _aXuárez, Tomás
_dca. 1650-ca. 1724
_xCrítica e interpretación
_93818
600 1 4 _aOcampo, Salvador de
_dca. 1665-ca. 1732
_xCrítica e interpretación
_93819
650 1 4 _aEscultura barroca
_zMéxico
_93820
650 1 4 _aArte cristiano y simbolismo
_zMéxico
_942
700 1 _aMeza, Julián
_93821
700 1 _aParra, Abundio Tomás
_93822
942 _2lcc
_cB
999 _c1033
_d1033